| 000 | 01102na a2200301 4500 | ||
|---|---|---|---|
| 001 | 15969 | ||
| 003 | MIRAKIL | ||
| 005 | 20181213155032.0 | ||
| 008 | 161001b tu 000 0 | ||
| 020 | _a9786056214400 | ||
| 035 | _a15969 | ||
| 040 |
_aMilas _btur _cTR-AnCHP |
||
| 041 | _atur | ||
| 082 |
_a809.89 _bU48n 2011 |
||
| 090 | _a809.89 U48n 2011 | ||
| 111 |
_aUluslararası Eskişehir Şiir Buluşması _cEskişehir _d2011 _n1 |
||
| 245 |
_a1. Uluslararası Eskişehir Şiir Buluşması : 21-24 Nisan 2011, Eskişehir = _b= 1. International Eskişehir Poetry Festival: 21-24 April 2011 _cYayına hazırlayan: Uğurcan Usgül |
||
| 246 | _aEskişehir Şiir Buluşması | ||
| 246 | _a1. International Eskişehir Poetry Festival: 21-24 April 2011 | ||
| 250 | _a1.basım | ||
| 260 |
_aEskişehir _bEskişehir Tepebaşı Belediyesi _c2011 |
||
| 300 |
_a145 s. _bres. _c18 x 20 sm. |
||
| 650 |
_aTürk şairler _xYaşamöyküsü |
||
| 650 |
_aTürk edebiyatı _xŞiir _yToplantılar |
||
| 650 |
_aTürkçe şiir _xFestival _ySeçkiler |
||
| 657 | _aŞiirlerden seçkiler | ||
| 942 |
_2ddc _cBKS |
||
| 999 |
_c5285 _d5285 |
||